A Portrait of the Artist as a Young Man /

Gardado en:
Detalles Bibliográficos
Autor Principal: Joyce, James (autor)
Formato: Libro
Idioma:inglés
Publicado: Harmondsworth, Inglaterra : Penguin, 1977, c1964
Etiquetas: Engadir etiqueta
Sen Etiquetas, Sexa o primeiro en etiquetar este rexistro!

MARC

LEADER 00000nam^a2200000^a^4500
001 000432531
005 20250526000000.0
009 20260310123018.357
020 |a 0-14-00-4221-0 
037 |a Acervo ITESO - Biblioteca 
041 |a ING 
091 |a FHM. 06081 
100 |a Joyce, James  |e (autor) 
245 1 0 |a A Portrait of the Artist as a Young Man / 
264 4 |a Harmondsworth, Inglaterra :  |b Penguin,  |c 1977, c1964 
300 |a 253 p. ;  |c 18.0 cm. 
336 |a texto  |b txt  |2 rdacontenido 
337 |a sin mediación  |b n  |2 rdamedio 
338 |a volumen  |b nc  |2 rdasoporte 
649 |a XX 
910 |a Fondo Hugo B. Margáin 
920 |a Impresos - Libros 
930 |a Libros Antiguos y Raros 
940 |a Literatura 
905 |a 126 
901 |a 0900111252  |b IT2  |c LRA  |i D106618+  |u 20250526 
902 |a https://opac.biblio.iteso.mx/vufind/Record/000432531